Ładuje się......

Samantharayathrakal

Opis bibliograficzny
1. autor: Sukumaran M
Kolejni autorzy: Manoj
Format: Printed Book
Wydane: Kannur Kairali Books 2010
Hasła przedmiotowe:
LEADER 00621nam a22002051a 4500
020 |c 0.00 
040 |a SSUS - Library - Kalady 
082 |a M506  |b SUK/S 
100 |a Sukumaran M 
245 |a Samantharayathrakal  |h [Text] 
260 |a Kannur  |b Kairali Books  |c 2010 
300 |a 112p. 
600 |a Literature Malayalam 
600 |a Conversations Malayalam 
600 |a Literature 
700 |a Manoj 
852 |h M506  |i SUK/S  |p 067559  |9 75.00  |t 0 
942 |c BK 
999 |c 39612  |d 39612 
952 |0 0  |1 0  |4 0  |6 M_506_000000000000000_SUK_S  |7 0  |9 57350  |a SSUS  |b SSUS  |d 2015-01-08  |g 75.00  |o M506 SUK/S  |p 067559  |r 2016-01-18  |v 0.00  |w 2015-01-08  |y BK